Léčivé rostliny a omamné drogy /

Hlavní autor: Valíček, Pavel, 1939-2023
Jazyk: Čeština
Vydáno: V Brně : Mendelova zemědělská a lesnická univerzita, 2003
Vydání: vyd. 1.
Témata:
Externí odkaz: Digitalizovaný dokument
Fyzický popis: 94 s. : il. ; 30 cm
Knihy
Uloženo v:
LEADER 01620nam a2200397 a 4500
001 000699674
003 CZ BrMZK
005 20040127151023.0
007 ta
008 031209s2003 xr a e p 000 0 cze d
015 |a cnb001302847 
020 |a 80-7157-725-1  |q (brož.) 
035 |a (OCoLC)56872395 
040 |a BOA001  |b cze 
072 7 |a 633  |x Rostlinná výroba  |2 Konspekt  |9 24 
072 7 |a 37.016  |x Učební osnovy. Vyučovací předměty. Učebnice  |2 Konspekt  |9 22 
080 |a 633.888  |2 MRF 
080 |a (075.8)  |2 MRF 
080 |a 633.88  |2 MRF 
100 1 |a Valíček, Pavel,  |d 1939-2023  |7 jn19990209956  |4 aut 
245 1 0 |a Léčivé rostliny a omamné drogy /  |c Pavel Valíček 
250 |a vyd. 1. 
260 |a V Brně :  |b Mendelova zemědělská a lesnická univerzita,  |c 2003 
300 |a 94 s. :  |b il. ;  |c 30 cm 
500 |a 230 výt. 
504 |a Obsahuje bibliografii a rejstřík 
521 |a Určeno pro posluchače ZF 
650 0 7 |a léčivé rostliny  |7 ph115198  |2 czenas 
650 0 7 |a halucinogenní rostliny  |7 ph114650  |2 czenas 
655 7 |a učebnice vysokých škol  |7 fd133772  |2 czenas 
856 4 1 |u https://www.digitalniknihovna.cz/mzk/uuid/uuid:0282ac80-e92b-11e2-9923-005056827e52  |y Digitalizovaný dokument  |x NDK 
910 |a BOA001  |b 3-1128.227 
990 |a BK 
996 6 |b 2610209512  |c 3-1128.227  |l MZK  |r Sklad / do 1 hodiny  |n 5  |p p.v.  |w 000699674  |u 000010  |a 1  |e BOA001  |j MZK50  |s P 
996 7 |b 2610209513  |c 3-1128.227  |l MZK  |r Sklad / do 1 hodiny  |n 32  |p kup  |w 000699674  |u 000020  |a 1  |e BOA001  |j MZK50  |s A 
996 7 |b 2610209514  |c 3-1128.227  |l MZK  |r Sklad / do 1 hodiny  |n 14  |p kup  |w 000699674  |u 000030  |a 1  |e BOA001  |j MZK50  |s A